4 Science Foursomes Quiz Stats

 Plays Quiz not verified by Sporcle

Challenge
Share
Tweet
Score 0/16 Timer 03:00
0 Plays Today
Hint Answer % Correct
Lobes of the
Human Brain
Frontal
84.7%
The Four Forces
of Flight
Lift
65.2%
Lobes of the
Human Brain
Occipital
54.4%
DNA
Nucleobases
Guanine
52.3%
The Four Forces
of Flight
Drag
50.4%
Lobes of the
Human Brain
Parietal
49.4%
Conic
Sections
Circle
46.3%
DNA
Nucleobases
Adenine
45.8%
Hint Answer % Correct
Lobes of the
Human Brain
Temporal
44.5%
DNA
Nucleobases
Cytosine
43%
DNA
Nucleobases
Thymine
42.3%
Conic
Sections
Parabola
38.5%
The Four Forces
of Flight
Thrust
36.9%
Conic
Sections
Ellipse
36.3%
Conic
Sections
Hyperbola
33.1%
The Four Forces
of Flight
Weight
21%

You're not logged in!

Compare scores with friends on all Sporcle quizzes.
OR
Log In

You Might Also Like...

Show Comments

Extras

Top Quizzes Today


Score Distribution

Your Account Isn't Verified!

In order to create a playlist on Sporcle, you need to verify the email address you used during registration. Go to your Sporcle Settings to finish the process.

Report this User

Report this user for behavior that violates our Community Guidelines.

Details: